00420nam a2200121Ia 4500008004100000024005500041082001900096100007000115245002800185260002500213600002700238650003300265250506s9999 xx 000 0 und d a12B-32-EL, 12B-170-EL, 12B-206-EL & 12B-173-EL a629.892072 MUH aMuhammad Junaid, M. Shahzad Aziz, Farhan Ali & Ahsan Ahmed Jumani 0a2D Spray Painting Robot aKarachi:bUIT,c2012 aElectronic Engineering aBachelor of Engineering (BE)